The Boys TV show Quiz - Statistics

General Stats
  • This quiz has been taken 46 times
  • The average score is 11 of 15
Answer Stats
Question Answer % Correct
Who is the leader of the Seven? Homelander
100%
Which member of the Seven is inspired by Batman? Black Noir
88%
Who is the leader of the Boys in the first seasons? Butcher
85%
Who replaces "Lamplighter" in the Seven? Starlight
85%
What is the nick name of the french guy in the Boys? Frenchy
79%
The girlfriend of whom got killed by A-Train? Hughie
79%
What is the name of the mute girl in the Boys? Kimiko
79%
What substance is used to produce "supes"? Compound V
74%
What company produces the above? Vought
74%
What is the supe-name of Homelanders father? Soldier Boy
71%
Which member of the Seven is killed in episode 2? Translucent
71%
What is the name of Homelander son? Ryan
65%
What powers does A-Train have? super speed
56%
Who with similar superpowers did A-Train beat in a "fight" live on TV? Shockwave
50%
What is the materlial which Homelander can't look thru? Zink
41%
No matching quizzes found
Score Distribution
Percent of People with Each Score
Percentile by Number Answered
Your Score History
You have not taken this quiz